|
|
|
|
| LEADER |
01080nam a22002772a 4500 |
| 001 |
000932411 |
| 003 |
CZ BrMZK |
| 005 |
20090305132632.0 |
| 007 |
ta |
| 008 |
090305s1981 xo a er|||||||||||slo d |
| 040 |
|
|
|a ABA001
|b cze
|d ABA001
|d BOA001
|
| 080 |
9 |
|
|a 656.21(076.5:075.8)=854
|
| 100 |
1 |
|
|a Adamicová, Eva
|7 mzk2003175649
|4 aut
|
| 245 |
1 |
0 |
|a Železničná prepravná prevádzka :
|b návody na cvičenia /
|c Eva Adamicová, Karel Kavalec, Stanislav Kuzica
|
| 250 |
|
|
|a 1. vyd.
|
| 260 |
|
|
|a Bratislava :
|b Alfa,
|c 1981
|
| 300 |
|
|
|a 139 s. :
|b il. ;
|c 4°
|
| 550 |
|
|
|a Vydavatel: Vysoká škola dopravná a spojov v Žiline, Fakulta prevádzky a ekonomiky dopravy a spojov
|
| 700 |
1 |
|
|a Kuzica, Stanislav
|4 aut
|
| 700 |
1 |
|
|a Kavalec, Karel
|7 ntka172885
|4 aut
|
| 710 |
2 |
|
|a Vysoká škola dopravná v Žiline.
|b Fakulta prevádzky a ekonomiky dopravy
|7 ko2004231769
|
| 910 |
|
|
|a BOA001
|b 4-0834.856
|
| 964 |
|
|
|a Železniční přeprava - praktika
|
| 990 |
|
|
|a BK
|
| 991 |
|
|
|b 200903
|
| 996 |
6 |
|
|b BC-681370
|c 4-0834.856
|l MZK
|r Sklad / do 1 hodiny
|n 0
|w 000932411
|u 000010
|a 1
|e BOA001
|j MZK50
|s P
|